000 00553nam a2200181Ia 4500
003 STCL
008 181203s9999 xx 000 0 und d
020 _a8123008120
040 _aSTCL
_bEN
_cSTCL
082 _222
100 _aParameswaran, Evoor
245 0 _aകേരളത്തിലെ നാടോടിക്കഥകൾ
246 _aKeralathile Nadodikathakal
260 _bPublications Division, Ministry of Information and Broadcasting, Government of India
_aNew Delhi
_c2000
300 _a79
546 _aMalayalam
942 _2ddc
_cBK
999 _c84769
_d84769